International business : (Record no. 14370)

MARC details
000 -LEADER
fixed length control field 00779nam a22002297a 4500
005 - DATE AND TIME OF LATEST TRANSACTION
control field 20080710104925.0
008 - FIXED-LENGTH DATA ELEMENTS--GENERAL INFORMATION
fixed length control field 080710t xxu||||| |||| 00| 0 eng d
010 ## - LIBRARY OF CONGRESS CONTROL NUMBER
LC control number ENG-90508
020 ## - INTERNATIONAL STANDARD BOOK NUMBER
Terms of availability 360.00
035 ## - SYSTEM CONTROL NUMBER
System control number EN-74041
037 ## - SOURCE OF ACQUISITION
Source of stock number/acquisition DBAD / PUB
040 ## - CATALOGING SOURCE
Original cataloging agency DPL
Language of cataloging EN
082 ## - DEWEY DECIMAL CLASSIFICATION NUMBER
Classification number 338.88
100 ## - MAIN ENTRY--PERSONAL NAME
Personal name Subba Rao, P.
245 ## - TITLE STATEMENT
Title International business :
Statement of responsibility, etc by P. Subba Rao
Remainder of title text and cases /
250 ## - EDITION STATEMENT
Edition statement 2nd rev & enl ed
260 ## - PUBLICATION, DISTRIBUTION, ETC. (IMPRINT)
Place of publication, distribution, etc New Delhi
Name of publisher, distributor, etc Himalaya Publishing House
Date of publication, distribution, etc 2008
300 ## - PHYSICAL DESCRIPTION
Extent 584p.
Dimensions 28cm.(Hb)
500 ## - GENERAL NOTE
General note Includes index
942 ## - ADDED ENTRY ELEMENTS (KOHA)
Source of classification or shelving scheme Dewey Decimal Classification
Koha item type English Books
Classification part 338.88
Call number suffix SUB
Holdings
Withdrawn status Lost status Damaged status Not for loan Collection code Home library Current library Date acquired Source of acquisition Cost, normal purchase price Total Checkouts Full call number Barcode Date last seen Copy number Cost, replacement price Price effective from Koha item type
      Not For Loan Non-fiction D.B.Act.Division D.B.Act.Division 10/07/2008 DBAD / PUB 360.00   338.88 SUB EN-74041 15/09/2008 1 360.00 15/09/2008 English Books

© Delhi Public Library
Hit Counter
free hit counter